000 00294nam a22001337a 4500
008 190129b xxu||||| |||| 00| 0 eng d
020 _a9780130475121
041 _aeng
080 _26th
_a371
100 _a46
101 _aEDU
245 _aStructured Reading
_cTroyka,L.Q
942 _2udc
_cBK
999 _c53820
_d53820